000
00290nam a22001217a 4500
003
OSt
005
20251027094013.0
008
251027b |||||||| |||| 00| 0 eng d
040
_c
245
_a
Applied chemistry-1
_c
Paradkar,Trupti
260
_b
Nirali
_c
2025
942
_2
ddc
_c
BK
_k
540
_m
PAR
_n
0
999
_c
36261
_d
36261